Organizational theory, design, and change / (Record no. 276730)
[ view plain ]
| 000 -LEADER | |
|---|---|
| fixed length control field | 00617cam a22001934a 4500 |
| 005 - DATE AND TIME OF LATEST TRANSACTION | |
| control field | 20141106154537.0 |
| 008 - FIXED-LENGTH DATA ELEMENTS--GENERAL INFORMATION | |
| fixed length control field | 110829s2013 njua b 001 0 eng |
| 010 ## - LIBRARY OF CONGRESS CONTROL NUMBER | |
| LC control number | 2011036274 |
| 020 ## - INTERNATIONAL STANDARD BOOK NUMBER | |
| International Standard Book Number | 9780273765608 |
| 050 00 - LIBRARY OF CONGRESS CALL NUMBER | |
| Classification number | HD 58.7 |
| Item number | .J656 2013 |
| 100 1# - MAIN ENTRY--PERSONAL NAME | |
| Personal name | Jones, Gareth R. |
| 245 10 - TITLE STATEMENT | |
| Title | Organizational theory, design, and change / |
| Statement of responsibility, etc | Gareth R. Jones. |
| 250 ## - EDITION STATEMENT | |
| Edition statement | 7th ed., |
| Remainder of edition statement | Global ed. |
| 260 ## - PUBLICATION, DISTRIBUTION, ETC. (IMPRINT) | |
| Place of publication, distribution, etc | Boston : |
| Name of publisher, distributor, etc | Pearson, |
| Date of publication, distribution, etc | c2013. |
| 300 ## - PHYSICAL DESCRIPTION | |
| Extent | 511 pages : |
| Other physical details | illustrations (chiefly color) ; |
| Dimensions | 28 cm. |
| 650 #0 - SUBJECT ADDED ENTRY--TOPICAL TERM | |
| Topical term or geographic name as entry element | Organizational behavior. |
| 650 #0 - SUBJECT ADDED ENTRY--TOPICAL TERM | |
| Topical term or geographic name as entry element | Organizational behavior |
| Form subdivision | Case studies. |
| 942 ## - ADDED ENTRY ELEMENTS (KOHA) | |
| Source of classification or shelving scheme | Library of Congress Classification |
| Koha item type | Books |
| Call number prefix | Foreign |
| Withdrawn status | Lost status | Source of classification or shelving scheme | Damaged status | Home library | Current library | Shelving location | Date acquired | Source of acquisition | Sub Shelving location | Total Checkouts | Total Renewals | Full call number | Barcode | Date last seen | Date checked out | Price effective from | Koha item type |
|---|---|---|---|---|---|---|---|---|---|---|---|---|---|---|---|---|---|
| Library of Congress Classification | College Library | College Library | Reserve Section | 11/06/2014 | Library Fund | 5 | 1 | HD 58.7 .J656 2013 | C18849 | 04/23/2019 | 03/29/2019 | 11/06/2014 | Books |